书目信息 |
| 题名: |
诗经楚辞选评
|
|
| 作者: | 徐志啸 撰 | |
| 分册: | ||
| 出版信息: | 上海 上海古籍出版社 2018.06 |
|
| 页数: | 261页 | |
| 开本: | 19cm | |
| 丛书名: | 中国古代文史经典读本 | |
| 单 册: | ||
| 中图分类: | I207.2 | |
| 科图分类: | ||
| 主题词: | 文学--中国 | |
| 电子资源: | ||
| ISBN: | 978-7-5325-8835-0 | |
| 000 | 00840nam0 2200229 450 | |
| 001 | 2340207473 | |
| 005 | 20231011113028.37 | |
| 010 | @a978-7-5325-8835-0@dCNY26.00 | |
| 100 | @a20231011d2018 km y0chiy0120 ea | |
| 101 | 0 | @achi |
| 102 | @aCN@b310000 | |
| 200 | 1 | @a诗经楚辞选评@AShi Jing Chu Ci Xuan Ping@f徐志啸撰@FXu Zhi Xiao Zhuan |
| 210 | @a上海@c上海古籍出版社@d2018.06 | |
| 215 | @a261页@d19cm | |
| 225 | 2 | @a中国古代文史经典读本 |
| 330 | @a《诗经》、《楚辞》分别开启了中国文学中的现实主义和浪漫主义两大源头。 《诗经》大体是黄河流域的上古歌谣, 《楚辞》几乎可以看作长江流域的文人绝唱。 前者是清醒的现实主义, 后者是积极的浪漫主义。 | |
| 410 | 0 | @12001 @a中国古代文史经典读本 |
| 606 | 0 | @a文学@x中国 |
| 690 | @aI207.2@v4 | |
| 701 | 0 | @a徐志啸@AXu Zhi Xiao@4撰 |
| 801 | 0 | @aCN@b河南城建学院图书馆@c20231011 |
| 905 | @dI207.2@eX8471 | |
| 诗经楚辞选评/徐志啸撰.-上海:上海古籍出版社,2018.06 |
| 261页;19cm.-(中国古代文史经典读本) |
| ISBN 978-7-5325-8835-0:CNY26.00 |
| 《诗经》、《楚辞》分别开启了中国文学中的现实主义和浪漫主义两大源头。 《诗经》大体是黄河流域的上古歌谣, 《楚辞》几乎可以看作长江流域的文人绝唱。 前者是清醒的现实主义, 后者是积极的浪漫主义。 |
| ● |
| 相关链接 |
|
|
|
正题名:诗经楚辞选评
索取号:I207.2/X8471
 
预约/预借
| 序号 | 登录号 | 条形码 | 馆藏地/架位号 | 状态 | 备注 |
| 1 | 1508025 | 215080258 | 外国语学院资料室/ [索取号:I207.2/X8471] | 在馆 |